Shaensha-e-Iran ki Ap Beti / (Record no. 614257)

000 -LEADER
fixed length control field 00514nam a22001457a 4500
082 ## - DEWEY DECIMAL CLASSIFICATION NUMBER
Classification number 923.5223
Author Mark PEH
100 ## - MAIN ENTRY--PERSONAL NAME
Personal name Pahlavi, Raza Shah
245 ## - TITLE STATEMENT
Title Shaensha-e-Iran ki Ap Beti /
Statement of responsibility, etc. Raza Shah Pahlavi
260 ## - PUBLICATION, DISTRIBUTION, ETC.
Name of publisher, distributor, etc. Fact Publication,
300 ## - PHYSICAL DESCRIPTION
Extent 208p. ;
650 ## - SUBJECT ADDED ENTRY--TOPICAL TERM
Topical term or geographic name entry element Biography, Iranian History, Royalty, Pahlavi Dynasty
880 ## - ALTERNATE GRAPHIC REPRESENTATION
Linkage 100-01\(3\r
Title رضا شاہ پہلوی
880 ## - ALTERNATE GRAPHIC REPRESENTATION
Linkage 245-02\(3\r
Title رضا شاہ پہلوی \شاہنشاہِ ایران کی اپنی بیتی
942 ## - ADDED ENTRY ELEMENTS (KOHA)
Source of classification or shelving scheme
Koha item type Book
650 ## - SUBJECT ADDED ENTRY--TOPICAL TERM
-- 129677
Holdings
Withdrawn status Lost status Source of classification or shelving scheme Damaged status Not for loan Permanent Location Current Location Date acquired Total Checkouts Full call number Barcode Date last seen Price effective from Koha item type
          Central Library (CL) Central Library (CL) 07/10/2025   923.5223 PEH CL-D-2801 07/10/2025 07/10/2025 Book
© 2023 Central Library, National University of Sciences and Technology. All Rights Reserved.